Bibiografía complementaria de Cervantes / (Record no. 121046)

MARC details
000 -LEADER
campo de control de longitud fija 00668nam a2200193 4500
001 - NÚMERO DE CONTROL
campo de control 121046
003 - IDENTIFICADOR DE NÚMERO DE CONTROL
campo de control ES-MaACL
005 - FECHA Y HORA DE LA ÚLTIMA TRANSACCIÓN
campo de control 20250824234606.0
007 - CAMPO FIJO DE DESCRIPCIÓN FÍSICA--INFORMACIÓN GENERAL
campo de control de longitud fija t|
008 - DATOS DE LONGITUD FIJA--INFORMACIÓN GENERAL
campo de control de longitud fija 070214s1947 sp r ||||1| spa d
100 1# - ENTRADA PRINCIPAL--NOMBRE DE PERSONA
Nombre de persona Ponce de León Freire, Eduardo.
9 (RLIN) 92954
245 10 - MENCIÓN DEL TÍTULO
Título Bibiografía complementaria de Cervantes /
Mención de responsabilidad, etc. por Eduardo Ponce de León Freire.
260 ## - PUBLICACIÓN, DISTRIBUCIÓN, ETC.
Lugar de publicación, distribución, etc. Madrid :
Nombre del editor, distribuidor, etc. [s.n.],
Fecha de publicación, distribución, etc. 1947 (
Fabricante Gráf. González)
300 ## - DESCRIPCIÓN FÍSICA
Extensión 31 p. :
Otras características físicas il. ;
Dimensiones 24 cm.
500 ## - NOTA GENERAL
Nota general Precede al Tit : Instituto Nacional del Libro Español.
710 2# - ENTRADA AGREGADA--NOMBRE DE ENTIDAD CORPORATIVA
Nombre de entidad corporativa o nombre de jurisdicción como elemento de entrada Instituto Nacional del Libro Español
9 (RLIN) 5195
852 ## - LOCALIZACIÓN
Ubicación ES-MaACL
Número de control de estantería 1879-F-14
Sublocalización o colección R.25565
Holdings
Estatus retirado Estado de pérdida Estado de daño No para préstamo Colección Biblioteca de origen Biblioteca actual Ubicación en estantería Fecha de adquisición Fuente de adquisición Total de préstamos Signatura topográfica completa Código de barras Visto por última vez Precio de reemplazo Tipo de ítem Koha
        Colección de folletos Biblioteca del Ateneo de Madrid Biblioteca del Ateneo de Madrid Depósito folletos 17/01/2008     1879-F-14 1126156 23/02/2023 23/02/2023 Folleto